DIGITALIZING CONSUMPTION HOW DEVICES SHA (Record no. 28862)

MARC details
000 -LEADER
fixed length control field 00334nam a2200133Ia 4500
008 - FIXED-LENGTH DATA ELEMENTS--GENERAL INFORMATION
fixed length control field 240624s9999 xx 000 0 und d
041 ## - LANGUAGE CODE
Language code of text/sound track or separate title eng
082 ## - DEWEY DECIMAL CLASSIFICATION NUMBER
Classification number 306.3 COC
100 ## - MAIN ENTRY--PERSONAL NAME
Personal name COCHOY FRANCK
245 ## - TITLE STATEMENT
Title DIGITALIZING CONSUMPTION HOW DEVICES SHA
260 ## - PUBLICATION, DISTRIBUTION, ETC.
Date of publication, distribution, etc. 2017
Place of publication, distribution, etc. New Delhi
Name of publisher, distributor, etc. Routledge
300 ## - PHYSICAL DESCRIPTION
Extent 280 , p.
365 ## - TRADE PRICE
Currency code BPS
Price amount 31
Holdings
Withdrawn status Lost status Damaged status Not for loan Home library Current library Shelving location Date acquired Cost, normal purchase price Full call number Barcode Date last seen Copy number Price effective from Koha item type
        IMTN IMTN Rack 6-B 07/11/2017 105.00 306.3 COC 28862 06/24/2024 86.4 06/24/2024 Books
Designed & Maintained by: LRC IMT Nagpur Contact: lrc@imtnag.ac.in© 2024. All Rights Reserved.